|
|
|
|
| LEADER |
00877ncm a22002292a 4500 |
| 001 |
001193062 |
| 003 |
CZ BrMZK |
| 005 |
20120329075516.0 |
| 007 |
qu |
| 008 |
120206s1900 gw |||||||||||||||||fre d |
| 040 |
|
|
|a BOA001
|b cze
|
| 072 |
|
7 |
|a 784
|x Vokální hudba
|2 Konspekt
|9 9
|
| 100 |
1 |
|
|a Cornelius, Peter,
|d 1824-1874
|7 ola2002159019
|4 cmp
|
| 245 |
1 |
0 |
|a Chansons de Noël (Weihnachtslieder)
|h [hudebnina] :
|b cycle de mélodies pour une voix avec accomp. de piano : éd. pour voix moyenne /
|c texte et musique de Peter Cornelius
|
| 260 |
|
|
|a Leipzig :
|b Breitkopf & Härtel,
|c [1900?]
|
| 300 |
|
|
|a 23 s.
|
| 490 |
1 |
|
|a Volksausgabe Breitkopf & Härtel ;
|v Nr. 2260
|
| 830 |
|
0 |
|a Volksausgabe Breitkopf & Härtel
|
| 910 |
|
|
|a BOA001
|b Mus4-0362.937
|
| 990 |
|
|
|a MU
|
| 991 |
|
|
|b 201201
|
| 996 |
6 |
|
|b 2619601350
|c Mus4-0362.937
|l MZK
|r Sklad / do 1 hodiny
|n 0
|w 001226558
|u 000010
|a 1
|e BOA001
|j MZK50
|s P
|